Представление документа в формате RUSMARC

ПолеНазваниеЗначение
  Тип записи a
  Библиографический уровень m
001 Контрольный номер RU/SLIB/B/208749951
005 Дата корректировки 20201206204127.0
010 Индекс ISBN __
d Цена 200-00
101 Язык документа __
a Язык текста rus
c Язык оригинала rus
200 Заглавие и сведения об ответственности 0_
a Заглавие Поборники гуслей
f Первые сведения об ответственности Леонова М. Ф. ; худож. В. С. Иванов
b Общее обозначение материала Текст
210 Выходные данные __
a Место издания М.
c Издательство Совет. Россия
d Дата издания 1990
215 Физическое описание __
a Объем 128 с.
c Иллюстрации/тип воспроизводства ил.
225 Серия __
a Серия Библиотечка "В помощь художественной самодеятельности"
v Обозначение тома вып . 17
606 Тематические рубрики __
a Основная рубрика Музыка и зрелищные искусства
606 Тематические рубрики __
a Основная рубрика Инструментальная музыка
610 Ключевые слова __
a Ключевые слова музыкальные инструменты; гусли; струнные инструменты; музыкальные произведения
686 Индексы других классификаций __
a Классификационный индекс 85.315.3
700 Автор __
a Фамилия Леонова
b Имя М. Ф.
4 Код отношения 070
702 Вторичная интеллектуальная ответственность __
a Фамилия Иванов
b Имя В. С.
4 Код отношения Художник
801 Источник записи _0
a Страна RU
b Организация Муниципальное бюджетное учреждение культуры "Централизованная библиотечная система" г. Сургут (Центральная городская библиотека им. А. С. Пушкина)
g Правила каталогизации КиК/Уланова
801 Источник записи _1
a Страна RU
b Организация Муниципальное бюджетное учреждение культуры "Централизованная библиотечная система" г. Сургут (Центральная городская библиотека им. А. С. Пушкина)
g Правила каталогизации КиК/Уланова
852 Данные о местонахождении __
j Шифр хранения 85.315.3
c Каталожный индекс 85.315.3
i Авторский знак Л 47
p Инвентарный номер 66328
901 Тип документа __
t Тип документа m
990 Данные о заказе (DOS) __
j Количество экземпляров (DOS) 1